The politics of trade and industrial policy in Africa forced consensus? /

Bibliographic Details
Corporate Author: ProQuest (Firm)
Other Authors: Soludo, Charles Chukwuma., Ogbu, Michael Osita., Chang, Ha-Joon.
Format: Electronic eBook
Language:English
Published: Trenton NJ : Ottawa, Canada : Africa World Press ; International Development Research Centre, c2004.
Subjects:
Online Access:Click to View
LEADER 01458nam a2200373Ia 4500
001 EBC266321
003 MiAaPQ
005 20200520144314.0
006 m o d |
007 cr cn|||||||||
008 031121s2004 nju sb 000 0 eng d
010 |z  2003025559 
020 |z 159221164X (hardback) 
020 |z 1592211658 (pbk.) 
035 |a (MiAaPQ)EBC266321 
035 |a (Au-PeEL)EBL266321 
035 |a (CaPaEBR)ebr10137755 
035 |a (CaONFJC)MIL71761 
035 |a (OCoLC)57383247 
040 |a MiAaPQ  |c MiAaPQ  |d MiAaPQ 
050 4 |a HF1611  |b .P65 2004 
245 0 4 |a The politics of trade and industrial policy in Africa  |h [electronic resource] :  |b forced consensus? /  |c edited by Charles C. Soludo, Osita Ogbu, & Ha-Joon Chang. 
260 |a Trenton NJ :  |b Africa World Press ;  |a Ottawa, Canada :  |b International Development Research Centre,  |c c2004. 
300 |a vii, 367 p. 
504 |a Includes bibliographical references. 
533 |a Electronic reproduction. Ann Arbor, MI : ProQuest, 2015. Available via World Wide Web. Access may be limited to ProQuest affiliated libraries. 
650 0 |a Industrial policy  |z Africa. 
651 0 |a Africa  |x Commercial policy. 
655 4 |a Electronic books. 
700 1 |a Soludo, Charles Chukwuma. 
700 1 |a Ogbu, Michael Osita. 
700 1 |a Chang, Ha-Joon. 
710 2 |a ProQuest (Firm) 
856 4 0 |u https://ebookcentral.proquest.com/lib/matrademy/detail.action?docID=266321  |z Click to View